Widok standardowy
Widok MARC
Pozycja Corporate Name
Liczba rekordów, w których użyto hasła: 1
001 - Numer kontrolny
- control field: 40959
003 - Identyfikator numeru kontrolnego
- control field: NUKAT
005 - Data i czas ostatniej modyfikacji
- control field: 20260429231629.0
008 - Dane kontrolne kodowane (40 znaków)
- fixed length control field: 050923n||azznnbabn |a ana |
010 ## - Numer kontrolny Biblioteki Kongresu
- numer kontrolny LC: p 2005506225
024 7# - OTHER STANDARD IDENTIFIER
- Standard number or code: 311224587
- Source of number or code: viaf
035 ## - Numer systemowy
- numer systemowy: a18043902
035 ## - Numer systemowy
- numer systemowy: (PL)a0000001804390
040 ## - Instytucja sporządzająca rekord
- inst. przygot. dane do rek. khw: WA N
- język haseł przedmiotowych/tezaurus: DBN
- inst. wprow. rek. khw: WA N
110 2# - Hasło - nazwa ciała zbiorowego
- nazwa ciała zbior. lub geogr. na pocz.: Wojsko Królestwa Polskiego
510 2# - Trop zob. też - nazwa ciała zbiorowego
- podpole kontrolne: h
- nazwa ciała zbior. lub geogr. na pocz.: 1 Pułk Piechoty Liniowej (Wojsko Królestwa Polskiego)
510 2# - Trop zob. też - nazwa ciała zbiorowego
- podpole kontrolne: h
- nazwa ciała zbior. lub geogr. na pocz.: 4 Pułk Strzelców Pieszych (Wojsko Królestwa Polskiego)
510 2# - Trop zob. też - nazwa ciała zbiorowego
- podpole kontrolne: h
- nazwa ciała zbior. lub geogr. na pocz.: 4 Pułk Ułanów (Wojsko Królestwa Polskiego)
550 ## - Trop zob. też - nazwa pospolita
- podpole kontrolne: g
- nazwa posp. lub nazwa geogr. na pocz.: Wojsko
550 ## - Trop zob. też - nazwa pospolita
- nazwa posp. lub nazwa geogr. na pocz.: Spisek koronacyjny (1829)
550 ## - Trop zob. też - nazwa pospolita
- nazwa posp. lub nazwa geogr. na pocz.: Sprzysiężenie Wysockiego
551 ## - Trop zob. też - nazwa geograficzna
- nazwa geograficzna: Królestwo Polskie